| 000 | 01634cam a2200457 a 4500 | ||
|---|---|---|---|
| 001 | 22944 | ||
| 003 | SK-KTurca | ||
| 005 | 20260512101501.0 | ||
| 008 | 240318s2012 xo o g f 001 0 slo | ||
| 015 | _aSNBA2013/04 | ||
| 020 |
_a9788081420351 _q(brož.) |
||
| 035 | _aD5F4605D-EF55-44B3-86E4-026F2B6A15D5 | ||
| 035 | _aurn:nbn:sk:snk-amkxou | ||
| 035 | _aurn:nbn:sk:snk-am0081tm | ||
| 040 |
_aPPPK _bslo _cPPPK _dSVKBB _dSNK _eAACR2 |
||
| 041 | 1 |
_aslo _heng |
|
| 044 |
_axo _cSK |
||
| 072 | 7 |
_a796 _xŠport. Hry. Telesné cvičenia _2konspekt |
|
| 080 |
_a796.015.132 _22001 |
||
| 080 |
_a(035) _22001 |
||
| 080 |
_a796.012.44 _22001 |
||
| 100 | 1 |
_aGallagher-Mundy, Chrissie _4aut |
|
| 240 | 1 | 0 |
_aPost pregnancy shape shifter _lSlovensky |
| 245 | 1 | 0 |
_aOpäť vo forme po tehotenstve _búčinný 40-týždňový cvičebný program na formovanie postavy po pôrode _cChrissie Gallagherová-Mundyová ; [z anglického originálu preložil Róbert Kadaši] |
| 246 | 3 | 0 | _aÚčinný 40-týždňový cvičebný program na formovanie postavy po pôrode |
| 250 | _a1. vyd. | ||
| 260 |
_aBratislava _bFortuna Libri _c2012 |
||
| 300 |
_a136 s. _bfareb. fotogr. _c28 cm |
||
| 490 | 1 | _aFortuna Praxis | |
| 504 | _aReg. | ||
| 650 | 0 | 7 |
_akondičné cvičenia _2SNKPH |
| 650 | 0 | 7 |
_aCondition exercises _2SNKPHeng |
| 650 | 0 | 7 |
_acvičenie s loptou _2SNKPH |
| 650 | 0 | 7 |
_aBall exercises _2SNKPHeng |
| 655 | 7 |
_apríručky _2SNKPH |
|
| 655 | 7 |
_aHandbooks, manuals, etc. _2SNKPHeng |
|
| 700 | 1 |
_aKadaši, Róbert _4trl |
|
| 830 | 0 | _aFortuna Praxis | |
| 942 |
_2ddc _cOLDO _n0 |
||
| 999 |
_c22944 _d22944 |
||